00716nam a2200241 a 4500001001300000003000900013005001700022008004100039020001000080082001500090100002500105245003700130260004300167300000900210500003500219505001300254650003700267700002500304902000800329942000700337952011500344999001500459nice12345678IN_TiNIC20260116011433.0050524s1961 laha grp 000 0 eng  ac10000a332.8bQUR aQureshi, Anwar Iqbal aIslam and the Theory of Interest aLahorebS.M.Ashrafn Publicationsc1961 a223p aincludes index and biblioraphy2 aappendix aEconomics-Religious Aspect-Islam1 aQureshi, Anwar Iqbal bSRS cBK 001040708StackRoom-aHMIbHMId2007-04-30g100.00l0o332.8 QURp02145r2007-04-30v100.00w2005-05-24yBK c1520d1520